Tutti i Paesi del Mondo - Statistics

Statistiche generali
  • Questo quiz è stato fatto 119 volte
  • Il punteggio medio è 154 su 196
Risposte nella Mappa
Le risposte nella mappa del quiz sottostante sono codificate secondo una scala di colori dal rosso al verde in base alla % di persone che hanno risposto correttamente.
 
Statistiche sulle risposte
Paese % Corretto
Francia
96%
Australia
95%
Austria
95%
Belgio
95%
Danimarca
95%
Germania
95%
Grecia
95%
Italia
95%
Norvegia
95%
Portogallo
95%
Regno Unito
95%
Romania
95%
Russia
95%
Spagna
95%
Stati Uniti
95%
Svezia
95%
Svizzera
95%
Turchia
95%
Cina
94%
Finlandia
94%
Islanda
94%
Paesi Bassi
94%
Ungheria
94%
Albania
93%
Argentina
93%
Bielorussia
93%
Canada
93%
Estonia
93%
Giappone
93%
India
93%
Messico
93%
Pakistan
93%
Ucraina
93%
Brasile
91%
Croazia
91%
Iran
91%
Irlanda
91%
Kazakistan
91%
Lettonia
91%
Lituania
91%
Marocco
91%
Polonia
91%
Egitto
90%
Iraq
90%
Mongolia
90%
Repubblica del Congo
90%
Repubblica Democratica del Congo
90%
Slovacchia
90%
Slovenia
90%
Algeria
89%
Arabia Saudita
89%
Cile
89%
Corea del Nord
89%
Corea del Sud
89%
Moldavia
89%
Montenegro
89%
Serbia
89%
Sudafrica
89%
Bolivia
88%
Bosnia ed Erzegovina
88%
Bulgaria
88%
Colombia
88%
Israele
88%
Madagascar
88%
Nuova Zelanda
88%
Repubblica Ceca
88%
Tunisia
88%
Città del Vaticano
87%
Cuba
87%
Kosovo
87%
Lussemburgo
87%
Venezuela
87%
Andorra
85%
Georgia
85%
Indonesia
85%
Macedonia del Nord
85%
Niger
85%
Perù
85%
Libia
84%
Malta
84%
Nigeria
84%
Thailandia
84%
Cipro
83%
Ecuador
83%
Emirati Arabi Uniti
83%
San Marino
83%
Siria
83%
Sudan
83%
Uruguay
83%
Vietnam
83%
Bangladesh
82%
Etiopia
82%
Panama
82%
Paraguay
82%
Senegal
82%
Sri Lanka
82%
Sud Sudan
82%
Qatar
80%
Afghanistan
79%
Azerbaijan
79%
Filippine
79%
Giordania
79%
Nepal
79%
Papua Nuova Guinea
79%
Cambogia
78%
Guyana
78%
Liechtenstein
78%
Somalia
78%
Uzbekistan
78%
Costa d'Avorio
77%
Eritrea
77%
Guinea
77%
Kenya
77%
Libano
77%
Oman
77%
Yemen
77%
Guatemala
76%
Laos
76%
Malesia
76%
Armenia
74%
Burundi
74%
Ciad
74%
Mauritania
74%
Suriname
74%
Taiwan
74%
Turkmenistan
74%
Angola
73%
Bhutan
73%
Botswana
73%
Guinea Equatoriale
73%
Maldive
73%
Monaco
73%
Birmania
72%
Costa Rica
72%
El Salvador
72%
Giamaica
72%
Haiti
71%
Lesotho
71%
Zambia
71%
Capo Verde
70%
Ghana
70%
Kirghizistan
70%
Mali
70%
Repubblica Dominicana
70%
Singapore
70%
Tagikistan
70%
Tanzania
70%
Zimbabwe
70%
Honduras
68%
Mozambico
68%
Seychelles
68%
Camerun
67%
Nicaragua
67%
Repubblica Centrafricana
67%
Stati Federati di Micronesia
67%
Togo
67%
Belize
66%
Gabon
66%
Mauritius
66%
Swaziland
66%
Uganda
66%
Bahamas
65%
Benin
65%
Liberia
65%
Namibia
65%
Sierra Leone
65%
Brunei
63%
Burkina Faso
63%
Guinea-Bissau
63%
Kuwait
63%
Figi
62%
Barbados
61%
Comoros
61%
Gambia
61%
Gibuti
61%
Isole Marshall
61%
Isole Salomone
61%
Ruanda
61%
Palau
60%
Tonga
60%
Malawi
59%
Santa Lucia
59%
Timor Est
59%
Trinidad e Tobago
59%
Kiribati
56%
Saint Vincent e Grenadine
56%
Tuvalu
56%
Bahrain
55%
Nauru
55%
Samoa
55%
Sao Tome e Principe
55%
Antigua e Barbuda
54%
Grenada
52%
Saint Kitts e Nevis
52%
Vanuatu
52%
Dominica
51%
Nessun quiz corrispondente trovato
Distribuzione punteggi
Percentuale di utenti per punteggio
Percentile per numero di risposta
I tuoi punteggi nel tempo
Non hai fatto questo quiz